000 00317nam a22001337a 4500
008 170302b xxu||||| |||| 00| 0 eng d
020 _a9780323032124
041 _aeng
080 _24 ED
_a616.73
100 _a6
101 _aSHM
245 _aULTRSSOUND PHYSICS AND INSTRUMENTATION
_cSTARCHMAN.H.H
942 _2udc
_cBK
999 _c6532
_d6532